[Event "Stopkin Memorial 1st"]
[Site "Nikolaev"]
[Date "2009.11.28"]
[Round "9"]
[White "Zhak, Borys"]
[Black "Lozovych, Yevheniy"]
[Result "1-0"]
[WhiteElo "1967"]
[BlackElo "1948"]
[PlyCount "75"]
[EventDate "2009.11.22"]
[EventType "swiss"]
[EventRounds "9"]
[EventCountry "UKR"]
[SourceTitle "EXT 2023"]
[Source "ChessBase"]
[SourceDate "2022.10.05"]
[SourceVersion "1"]
[SourceVersionDate "2022.10.05"]
[SourceQuality "1"]

1. c4 d6 2. Nc3 c6 3. e4 e5 4. d4 Be7 5. d5 f5 6. g3 Nf6 7. Bg2 0-0 8. Nge2 fxe4 9. Nxe4 Nxe4 10. Bxe4 Qa5+ 11. Nc3 Qc5 12. Qe2 Bf5 13. Be3 Qb4 14. Bxf5 Rxf5 15. 0-0 Nd7 16. a3 Qb3 17. Rac1 Nb6 18. Bxb6 Qxb6 19. Kg2 Raf8 20. Rc2 h5 21. f3 h4 22. g4 Rf4 23. Rd2 Qa6 24. Ne4 cxd5 25. Rxd5 Rc8 26. Rc1 Rc6 27. Rc3 Kf7 28. b4 Rc8 29. Qd3 Qb6 30. Rxd6 h3+ 31. Kf1 Qc7 32. Qd5+ Kf8 33. Rd7 Qc6 34. Qxc6 bxc6 35. Rxa7 c5 36. b5 Rd8 37. Ke2 Rd4 38. b6 1-0

[Event "Yuzhny op"]
[Site "Yuzhny"]
[Date "2009.09.12"]
[Round "7"]
[White "Zaichuk, Vitaliy"]
[Black "Lozovych, Yevheniy"]
[Result "1-0"]
[WhiteElo "2023"]
[BlackElo "1954"]
[PlyCount "49"]
[EventDate "2009.09.08"]
[EventType "swiss"]
[EventRounds "9"]
[EventCountry "UKR"]
[SourceTitle "CBM 132 Extra"]
[Source "ChessBase"]
[SourceDate "2009.11.03"]
[SourceVersion "1"]
[SourceVersionDate "2009.11.03"]
[SourceQuality "1"]

1. d4 d6 2. Nf3 Nd7 3. Bf4 Ngf6 4. h3 b6 5. e3 Bb7 6. Bd3 e5 7. dxe5 dxe5 8. Nxe5 Bxg2 9. Rg1 Bxh3 10. Bb5 Be6 11. Nc3 a6 12. Bc6 Ra7 13. Qd3 Bd6 14. 0-0-0 Qe7 15. Nxd7 Bxd7 16. Bxd6 cxd6 17. Bxd7+ Rxd7 18. Rxg7 b5 19. Nd5 Qe6 20. Nxf6+ Qxf6 21. Qe4+ Qe5 22. Qa8+ Rd8 23. Qc6+ Ke7 24. Rdg1 Rc8 25. Qb7+ 1-0

[Event "Yuzhny op"]
[Site "Yuzhny"]
[Date "2009.09.11"]
[Round "6"]
[White "Lozovych, Yevheniy"]
[Black "Gavriliuk, Alexandr"]
[Result "1-0"]
[WhiteElo "1954"]
[BlackElo "1837"]
[PlyCount "91"]
[EventDate "2009.09.08"]
[EventType "swiss"]
[EventRounds "9"]
[EventCountry "UKR"]
[SourceTitle "CBM 132 Extra"]
[Source "ChessBase"]
[SourceDate "2009.11.03"]
[SourceVersion "1"]
[SourceVersionDate "2009.11.03"]
[SourceQuality "1"]

1. c4 e5 2. Nc3 Nf6 3. g3 d5 4. cxd5 Nxd5 5. Bg2 Nb6 6. Nf3 Nc6 7. 0-0 Be7 8. a3 Be6 9. d3 f6 10. b4 0-0 11. Bb2 a6 12. Na4 Nxa4 13. Qxa4 Qd7 14. Rfc1 Bd6 15. Nd2 Nd4 16. Qxd7 Bxd7 17. Bxd4 exd4 18. Bxb7 Ra7 19. Bd5+ Kh8 20. Nb3 Re8 21. Ra2 Bg4 22. Nxd4 h5 23. f3 Bh3 24. Bf7 Re7 25. Bxh5 Bd7 26. Bg6 Ra8 27. Bf5 Rae8 28. e4 Be5 29. Nc6 Bxc6 30. Rxc6 Bd4+ 31. Kf1 Bb6 32. Ke2 Re5 33. g4 Kg8 34. h4 a5 35. f4 Rb5 36. Be6+ Kf8 37. Bc4 Rxb4 38. axb4 axb4 39. Rxb6 cxb6 40. Rb2 Ra8 41. Rxb4 Ra1 42. Rxb6 Rh1 43. h5 Rh4 44. Be6 Ke7 45. Bf5 Rh2+ 46. Ke3 1-0

[Event "Yuzhny op"]
[Site "Yuzhny"]
[Date "2009.09.09"]
[Round "2"]
[White "Lozovych, Yevheniy"]
[Black "Bondar, Wladimir"]
[Result "1-0"]
[WhiteElo "1954"]
[BlackElo "2137"]
[PlyCount "115"]
[EventDate "2009.09.08"]
[EventType "swiss"]
[EventRounds "9"]
[EventCountry "UKR"]
[SourceTitle "CBM 132 Extra"]
[Source "ChessBase"]
[SourceDate "2009.11.03"]
[SourceVersion "1"]
[SourceVersionDate "2009.11.03"]
[SourceQuality "1"]

1. a3 d6 2. e4 Nf6 3. d3 e5 4. Be2 Be7 5. Nf3 0-0 6. 0-0 h6 7. b4 c6 8. Bb2 Be6 9. Nbd2 Nbd7 10. d4 Qc7 11. c4 Bg4 12. Qb3 Rfe8 13. Rfe1 Bf8 14. Bf1 g6 15. h3 Bxf3 16. Qxf3 exd4 17. Bxd4 Bg7 18. Rac1 b6 19. Qb3 c5 20. Ba1 cxb4 21. axb4 a5 22. b5 Nc5 23. Qf3 Nh7 24. h4 Bxa1 25. Rxa1 Re5 26. Qf4 g5 27. Qg3 Kh8 28. hxg5 hxg5 29. Nf3 Nxe4 30. Qh3 Re6 31. Rxe4 Rxe4 32. Nxg5 f5 33. Nxe4 fxe4 34. Qe6 Qg7 35. Qxe4 Rf8 36. Ra3 Qb2 37. Qe3 Ng5 38. Rd3 Qg7 39. f4 Qf6 40. g3 Qa1 41. Kg2 a4 42. Be2 Nf7 43. Ra3 Qb2 44. Rxa4 Nh6 45. Ra3 Nf5 46. Qc3+ Qxc3 47. Rxc3 Re8 48. Kf2 Nh6 49. Rd3 Re6 50. g4 Ng8 51. f5 Rf6 52. Kg3 Kg7 53. Re3 Kf7 54. Bf3 Ne7 55. Bd5+ Kf8 56. Be6 Kg7 57. Ra3 Rh6 58. g5 1-0